| 000 | 01278nam a2200229 i 4500 | ||
|---|---|---|---|
| 001 | 178979 | ||
| 003 | ES-MaACL | ||
| 005 | 20250728111829.0 | ||
| 008 | 110817s1905 fr |||| | fre d | ||
| 245 | 0 | 0 |
_aReligions et sociétés _b: leçons professées à l'Ecole des Hautes études sociales / _cpar MM. Théodore Reinach, A. Puech, Raoul Allier [et al.]. |
| 260 |
_aParis : _bFélix Alcan, _c1905. |
||
| 300 |
_aXII, 286 p. ; _c22 cm. |
||
| 490 | 1 |
_aBibliothèque générale des sciences sociales ; _v26 |
|
| 505 | 8 | _aContiene: Préface. - Du progrès en religion, par Théodore Reinach. - Le Christianisme des premiers siècles et la question sociale, par A. Puech. - Les frères du libre esprit, par Raoul Allier. - Le Christianisme et la démocratie, par Anatole Leroy-Beaulieu. - Le Christianisme et le socialisme, par Anatole Leroy-Beaulieu. - L'Islamisme en face de la civilisation moderne, par Carra de Vaux. - Le babisme et le béhaisme, par Hippolyte Dreyfus | |
| 650 | 0 | 7 |
_aReligiones _2embne _916814 |
| 700 | 0 |
_aReinach, Théodore. _996040 |
|
| 700 | 0 |
_aPuech, Aimé. _994127 |
|
| 700 | 0 |
_aAllier, Raoul. _920038 |
|
| 830 | 0 | 0 |
_aBibliothèque générale des sciences sociales _v26 _9187778 |
| 852 |
_aES-MaACL _jC-23106 |
||
| 999 |
_c178979 _d178979 |
||